Central Library OPAC University of Rajshahi

Politics of nature : (Record no. 48021)

MARC details
000 -LEADER
fixed length control field 01139nam a2200265 a 4500
001 - CONTROL NUMBER
control field 48021
003 - CONTROL NUMBER IDENTIFIER
rucl marc code BD-RjUL
005 - DATE AND TIME OF LATEST TRANSACTION
control field 20211209054437.0
008 - FIXED-LENGTH DATA ELEMENTS--GENERAL INFORMATION
fixed length control field 160811s2004 mau b 001 0 eng
020 ## - INTERNATIONAL STANDARD BOOK NUMBER
International Standard Book Number 0674012895 (cloth)
International Standard Book Number 0674013476 (pbk.)
035 ## - SYSTEM CONTROL NUMBER
System control number (BD-RjUL)48140
040 ## - CATALOGING SOURCE
Original cataloging agency DLC
Transcribing agency DLC
Modifying agency BD-RjUL
Language of cataloging eng
041 1# - LANGUAGE CODE
Language code of text/sound track or separate title eng
Language code of original fre
082 00 - DEWEY DECIMAL CLASSIFICATION NUMBER
Classification number 320.58
Edition number 23
Author mark and year LAP 2004
100 1# - MAIN ENTRY--PERSONAL NAME
Personal name Latour, Bruno
9 (RLIN) 145628
245 10 - TITLE STATEMENT
Title Politics of nature :
Remainder of title how to bring the sciences into democracy /
Statement of responsibility, etc. Bruno Latour ; translated by Catherine Porter.
260 ## - PUBLICATION, DISTRIBUTION, ETC. (IMPRINT)
Place of publication, distribution, etc. Cambridge, Mass. :
Name of publisher, distributor, etc. Harvard University Press,
Date of publication, distribution, etc. 2004
300 ## - PHYSICAL DESCRIPTION
Pagination x, 307 p. ;
Size 24 cm.
504 ## - BIBLIOGRAPHY, ETC. NOTE
Bibliography, etc Includes bibliographical references (p. 287-299) and index.
505 00 - FORMATTED CONTENTS NOTE
Title Introduction: What Is to Be Done with Political Ecology? --
-- Why Political Ecology Has to Let Go of Nature --
-- How to Bring the Collective Together --
-- A New Separation of Powers --
-- Skills for the Collective --
-- Exploring Common Worlds --
-- Conclusion: What Is to Be Done? Political Ecology!
650 #0 - SUBJECT ADDED ENTRY--TOPICAL TERM
Topical term or geographic name as entry element Political ecology.
9 (RLIN) 145629
942 ## - ADDED ENTRY ELEMENTS (KOHA)
Source of classification or shelving scheme Dewey Decimal Classification
Koha item type Books
Holdings
Lost status Source of classification or shelving scheme Damaged status Not for loan Collection code Permanent Location Current Location Shelving location Date acquired Source of acquisition Cost, normal purchase price Total Checkouts Full call number Date last seen Copy number Koha item type
  Dewey Decimal Classification     Non-fiction Central Library, University of Rajshahi Central Library, University of Rajshahi   22/12/2010 Dhaka paragon enterprise 510.00   320.58 LAP 2004 11/08/2016 C-2 Books
  Dewey Decimal Classification     Non-fiction Central Library, University of Rajshahi Central Library, University of Rajshahi   22/12/2010 Dhaka paragon enterprise 510.00   320.58 LAP 2004 11/08/2016 C-4 Books